| 000 | 01939nam a2200313 i 4500 | ||
|---|---|---|---|
| 003 | EG-GICUC | ||
| 005 | 20260206052744.0 | ||
| 008 | 260112s2008 ua j|||fr|||| 00| 0 ara d | ||
| 040 |
_a EG-GICUC _bara _c EG-GICUC _d EG-GICUC _erda |
||
| 041 | 0 | _aAra | |
| 082 | 0 | 4 |
_221 _a343.83 _bع ب . ط |
| 092 | 0 | 4 | _221 |
| 099 | _aLaw1 10 343.83 ع ب . ط 2008 | ||
| 100 | 0 |
_aعبدالحميد المنشاوى _eمؤلف. |
|
| 245 | 1 | 2 |
_aالطب الشرعى وأدلته الفنية ودوره الفنى فى البحث عن الجريمة / _cتأليف المستشار عبدالحميد المنشاوى . |
| 264 | 1 |
_aالإسكندرية : _bدار الجامعة الجديدة، _c2008. |
|
| 300 |
_a1073صفحة : _bجداول؛ _c24 سم. |
||
| 336 |
_2rda content _atext |
||
| 337 |
_2rda media _aComputer |
||
| 338 |
_2rda carrier _aOnline Resource |
||
| 500 | _aالتغيرات الرمية التى تحدث عقب الوفاة والإستعراف (تحقيق الشخصية) الجروح وأنواعها وأسبابها.حوادث الحريق وأسبابها وطرق كشفها الإسفكسيا بأنواعها المختلفة.العاهات المستديمة. الحالات الجنسية جنائيا ومدنيا الإجهاض وأطفال حديثى الولادة.الحجر والجنون بأنواعه والكشف الطبى فى قضايا الحجر.وتقارير الصفة التشريحية ونماذجها السموم وأنواعها وطرق الكشف عنها التزييف والتزوير والأساليب الفنية فى الكشف عنهما والنظام القانونى لهما. | ||
| 546 | _aالنص باللغة العربية | ||
| 650 | 1 |
_aالطب الشرعى _2qrmak |
|
| 650 | 1 |
_aالقانون الجنائى _2qrmak |
|
| 651 | 1 | _2qrmak | |
| 856 | 4 | 0 | _uhttps://fll.law.cu.edu.eg/fulltext/bks/B10-07744.pdf |
| 905 |
_a54 _eYara |
||
| 942 |
_2ddc _cBK _e21 _n0 |
||
| 999 |
_c56482 _d56482 |
||